Countries with the Most Tourists Per Capita - Statistics

General Stats
  • This quiz has been taken 224 times
    181 since last reset
  • The average score is 7 of 11
Answer Stats
Continent # Answer % Correct
Europe 8.7 Monaco
90%
North America 3.7 Bahamas
79%
Europe 32.4 Andorra
78%
Europe 4.0 Malta
70%
Europe 3.1 Iceland
64%
Europe 3.0 Austria
52%
Asia 3.0 Maldives
50%
Europe 2.7 Croatia
47%
Oceania 6.7 Palau
45%
Asia 7.7 Bahrain
42%
North America 2.7 Antigua & Barbuda
41%
No matching quizzes found
Score Distribution
Percent of People with Each Score
Percentile by Number Answered
Your Score History
You have not taken this quiz since the last reset